000 00760nam a22002057a 4500
999 _c19925
_d19925
003 AR-CdUCM
008 190523b ||||| |||| 00| 0 spa d
040 _aMUNICIPALIDAD PROVINCIAL DEL CUSCO
_cBIBLIOTECA MUNICIPAL DEL CUSCO
082 _a109 /
_bM77
_23ed.
100 _aMondolfo, Rodolfo
_94120
245 _aProblemas y métodos de investigación en la historia de la filosofía /
260 _aBuenos Aires :
_bEudeba,
_c1963
300 _a262 páginas
_c23 cm.
505 _aContenido: La investigación filosófica -- La concepción histórica de Aristóteles -- La concepción histórica de Hegel...
650 _aFilosofia
_9395
650 _aAristoteles
_913495
650 _aLogica
_92358
942 _2ddc
_cLIBROS
945 _aJavier
_d2019-05-23